书目信息 |
| 题名: |
JAVA 程序设计与实践
|
|
| 作者: | 汤庸 主编 | |
| 分册: | ||
| 出版信息: | 北京 冶金工业出版社 2003.11 |
|
| 页数: | 385页 | |
| 开本: | 20cm | |
| 丛书名: | 高等学校21世纪计算机教材 | |
| 单 册: | ||
| 中图分类: | TP312Ja | |
| 科图分类: | ||
| 主题词: | 软件 | |
| 电子资源: | ||
| ISBN: | 7-5024-3373-2 | |
| 000 | 00643nam0 2200217 45 | |
| 001 | 0433051705 | |
| 005 | 20080229165549.90 | |
| 010 | @a7-5024-3373-2@dCNY 39.00 | |
| 100 | @a20040520d2003 km y0chiy0120 ea | |
| 101 | 0 | @achi |
| 102 | @aCN@b110000 | |
| 200 | 1 | @aJAVA 程序设计与实践@AJAVA Cheng Xu She Ji Yu Shi Jian@f汤庸主编@FTang Yong Zhu Bian |
| 210 | @a北京@c冶金工业出版社@d2003.11 | |
| 215 | @a385页@d20cm | |
| 225 | 2 | @a高等学校21世纪计算机教材 |
| 410 | 0 | @12001 @a高等学校21世纪计算机教材 |
| 606 | 0 | @a软件 |
| 690 | @aTP312Ja@v4 | |
| 701 | 0 | @a汤庸@ATang Yong@4主编 |
| 801 | 0 | @aCN@bPFT@c20080229 |
| 905 | @a安徽大学@dTP312Ja@eT222 | |
| JAVA 程序设计与实践/汤庸主编.-北京:冶金工业出版社,2003.11 |
| 385页;20cm.-(高等学校21世纪计算机教材) |
| ISBN 7-5024-3373-2:CNY 39.00 |
| ● |
| 相关链接 |
|
|
|
正题名:JAVA 程序设计与实践
索取号:TP312Ja/T222
 
预约/预借
| 序号 | 登录号 | 条形码 | 馆藏地/架位号 | 状态 | 备注 |
| 1 | 376415 | 203764159 | 自科库301/301自科库 55排7列4层/ [索取号:TP312Ja/T222] | 在馆 | |
| 2 | 376416 | 203764168 | 期刊室512/301自科库 55排7列4层/ [索取号:TP312Ja/T222] | 在馆 | |
| 3 | 478745 | 204787454 | 期刊室512/ [索取号:TP312Ja/T222] | 在馆 |